RAAF bases & establishments - Statistics

General Stats
  • This quiz has been taken 70 times
    15 since last reset
  • The average score is 8 of 16
Answer Stats
Hint Answer % Correct
QLD amberly
88%
WA pearce
75%
richmond
75%
NSW williamtown
75%
VIC east sale
63%
NT darwin
50%
SA edinburgh
50%
glenbrook
50%
townsville
50%
wagga
50%
(bare) learmonth
38%
(bare) scherger
38%
tindall
38%
williams
38%
(bare) curtin
25%
ACT russel office
13%
No matching quizzes found
Score Distribution
Percent of People with Each Score
Percentile by Number Answered
Your Score History
You have not taken this quiz since the last reset